Incomingová cestovná kancelária v kontexte ponuky cestovného ruchu bakalárska práca

Salvato in:
Dettagli Bibliografici
Autore principale: Tomašová, Monika
Ente Autore: Podnikovohospodárska fakulta EU so sídlom v Košiciach. Katedra marketingu a obchodu
Altri autori: Ručinský, Rastislav
Natura: Libro
Lingua:slovacco
Pubblicazione: Košice 2011
Tags: Aggiungi Tag
Nessun Tag, puoi essere il primo ad aggiungerne!!

MARC

LEADER 00000nbm a2200000 4500
001 0139544
005 20161109111627.5
041 0 |a slo 
044 |a SK 
245 1 0 |a Incomingová cestovná kancelária v kontexte ponuky cestovného ruchu  |b bakalárska práca  |c Monika Tomašová ; školiteľ: Rastislav Ručinský 
264 1 |a Košice  |c 2011 
300 |a 72 s. 
100 1 |a Tomašová, Monika 
700 1 |a Ručinský, Rastislav 
710 2 |a Podnikovohospodárska fakulta EU so sídlom v Košiciach. Katedra marketingu a obchodu